000 00502cam a2200205ua 4500
001 7822
005 20260515114247.0
008 141224n ii |||gr||||Z||||||ben
040 _cMAIN
041 _aben
082 _a891.442
100 _aSil, B.,
_eAuthor.,
245 1 _aBangla sahitye nataker dhara
_cBy Boidyanath Sil
250 _a1st.
260 _aKolkatta:
_bA.K.,
_c1978.
300 _a500p.
653 _aEast Indo-European & Celtic literatures
653 _aBengali drama
942 _cBK
999 _c6937
_d6937